The horizon concise history of Japan

Na minha lista:
Detalhes bibliográficos
Autor principal: Busch, Noel F.
Formato: Livro
Idioma:Undetermined
Publicado em: New York American Heritage Pub. Co. 1972
Tags: Adicionar Tag
Sem tags, seja o primeiro a adicionar uma tag!
Thư viện lưu trữ: Trung tâm Học liệu Trường Đại học Cần Thơ
LEADER 00479nam a2200181Ia 4500
001 CTU_111928
008 210402s9999 xx 000 0 und d
020 |c 8.95 
082 |a 915.203 
082 |b B977 
100 |a Busch, Noel F. 
245 4 |a The horizon concise history of Japan 
245 0 |c Noel F. Busch 
260 |a New York 
260 |b American Heritage Pub. Co. 
260 |c 1972 
904 |i Hiếu 
980 |a Trung tâm Học liệu Trường Đại học Cần Thơ